000 00560nam a2200181 a 4500
001 BRCA_9064
005 20190320210518.0
008 040917c--------sp-#######---#000-0#spa-#
041 _aspa
044 _asp
084 _aCO58
_b.T73
245 1 0 _aTratados de los actos humanos
300 _a616 p. (t.2)
_c22 x 15.2 cm
500 _aEstado físico: presentan encuadernación en pergamino con cintas rotas, lomo semi desprendido y presencia del pez de plata
500 _aSin portada y faltan algunas hojas preliminares.
902 _aCFM
942 _2lcc
_cB
999 _c8714
_d8714